00545 2200193 4500001002100000005001500021035002000036245008900056100002300145300002600168260004000194082000800234084001400242020002200256600002200278990001700300990001700317990001700334INLIS00000000000149720260604090044 a0010-06260000081 aAdiwiyata Pasti Bisa Strategi Jitu Mewujudkan Sekolah Adiwiyata /cPudi Sri Maryatmo0 aMaryatmo, Pudi Sri a118 hlm ;c14 X 21 cm aKota Batu :bCV. Beta Aksara,c2025 a371 a371 MAR a a978-623-7291-32-9 4aSekolah Adiwiyata a4870/PP/2026 a4871/PP/2026 a4872/PP/2026